[Event "Tech Mahindra Global Chess League 2023"]
[Site "Chess.com"]
[Date "2023.06.28"]
[Round "7"]
[White "Anand, Viswanathan"]
[Black "Carlsen, Magnus"]
[Result "0-1"]
[WhiteElo "2731"]
[BlackElo "2829"]
[EventDate "2023.??.??"]
[Annotator "rafael"]
[PlyCount "140"]
[Beauty "5841981817387"]
[EventType "team-tourn"]
[TimeControl "900+10"]

1.e4 e6 2.d4 d5 3.Nc3 Bb4 4.e5 c5 5.a3 Bxc3+ 6.bxc3 Nc6 7.Qg4 g6 {Back in 2004, my friend GM Andrés Rodriguez visited my town and, during breaks of his main activity (playing the game \"Burnout\" on PlayStation 2), he analyzed this obscure sideline of the Winawer with the computer, trying to convince me of its correctness. Naturally my reaction was, as good friends always do, to try to dismiss the line as unplayable, at the same time nicknaming 7...g6 as the \"PlayStation Variation'. What I couldn't imagine is that my friend would be brave enough to start testing it, achieving excellent results and becoming its main specialist. Today, as I witnessed Carlsen playing it, I texted my friend to tell him that finally the PlayStation line gained the deserved spotlight and that he was almost 20 years ahead of his time.} 8.h4 {White has many attempts to refute Black's daring play. Anand goes to a very direct approach.} 8...h6 9.h5 g5 10.f4 Qa5 ( 10...f5 {is more popular and was played by Carlsen in 2022.} 11.Qg3 g4 12.dxc5 Qa5 {Giri-Carlsen, Wch Blitz Almaty 2022.} ) 11.Bd2 f5 12.Qg3 g4 {Black closes the the kingside and now creates the positional threat of closing the queenside as well with ...c5-c4. White must act.} 13.dxc5 {A natural move and the same idea that was tried in the Giri-Carlsen game, but here Anand had a tempting option.} ( 13.c4 $1 {[%c_effect c4;square;c4;type;GreatFind;persistent;true]} 13...Qa4 14.dxc5 Nge7 ( 14...dxc4 15.Ne2 $1 {[%c_effect e2;square;e2;type;GreatFind;persistent;true] is good for White.} ) 15.Qb3 $1 {[%c_effect b3;square;b3;type;GreatFind;persistent;true]} 15...Qxb3 16.cxb3 {with advantage in the the endgame.} ) 13...Nge7 14.Bd3 Qxc5 15.Ne2 Na5 ( 15...Bd7 {is less accurate:} 16.Be3 Qa5 17.O-O O-O 18.Rfb1 {with some pressure for White, although the game was soon agreed draw in Motylev-Kruppa, Predeal 2007.} ) 16.Qf2 Qxf2+ 17.Kxf2 {The endgame is more or less equal, but maybe it's easier for Black to play. He will be doing all the pressing from now on.} 17...Bd7 18.a4 Kf7 19.Rhb1 b6 20.Bc1 {A typical maneuver in the French. The bishop goes to the a3-f8 diagonal.} 20...Nec6 ( 20...Nc4 {is also possible, for instance:} 21.Nd4 Rhc8 22.Nb5 Bxb5 23.axb5 Rc7 24.Ra4 {with a slight advantage for White.} ) 21.Ba3 Nd8 {An interesting move to maneuver the knight that took me by surprise when I was following the game.} ( 21...Nc4 {is the move I expected.} 22.Bxc4 dxc4 {The game will probably end in a draw. Carlsen probably wanted to preserve more fighting chances.} ) 22.Bb4 Ndb7 23.Nd4 Rhb8 24.Nb3 ( 24.Bb5 {is a better attempt. Black must react with} 24...Be8 $1 {[%c_effect e8;square;e8;type;GreatFind;persistent;true]} ) 24...Nc4 ( 24...Nxb3 {is a good alternative:} 25.Rxb3 ( 25.cxb3 {it's tempting to rearrange the pawn structure, but Black is fine after} 25...a5 26.Ba3 Nc5 ) 25...a5 26.Ba3 Nc5 27.Bxc5 bxc5 28.Bb5 {with a likely draw.} ) 25.Bxc4 dxc4 26.Nd4 Rc8 27.a5 b5 28.Rd1 Be8 29.Ne2 a6 30.Rd4 Rd8 31.Rad1 Rxd4 32.Rxd4 {It looks like the game will soon end in a draw, but Carlsen has this extraordinary ability of turning drawish positions into full points.} 32...Bc6 33.Rd2 ( 33.Ng3 {is a prophylactic option in order to avoid Black's next move.} ) 33...g3+ $5 {[%c_effect g3;square;g3;type;Interesting;persistent;true] A very nice move, sacrificing a pawn to bring the rook to life on the g-file.} 34.Kg1 ( 34.Nxg3 Rg8 35.Rd4 Rg4 {White is in zugzwang. Any piece he moves loses material, but he is not worse.} 36.Ba3 Nxa5 37.Rd8 $1 {[%c_effect d8;square;d8;type;GreatFind;persistent;true]} 37...Rxf4+ 38.Ke3 Rg4 39.Ne2 {with sufficient counterplay. Of course, going for this position is a very difficult choice during the game.} ) 34...Rg8 35.Nd4 Rd8 $5 {[%c_effect d8;square;d8;type;Interesting;persistent;true]} 36.Bd6 $6 {[%c_effect d6;square;d6;type;Inaccuracy;persistent;true] This gives Black some chances.} ( 36.Re2 Be4 37.Re1 {it's difficult for Black to play for a win here.} ) 36...Be4 $1 {[%c_effect e4;square;e4;type;GreatFind;persistent;true]} 37.Bb4 Rd5 {Incredible precision. Carlsen wants to play Nd8-c6.} 38.Kf1 $1 {[%c_effect f1;square;f1;type;GreatFind;persistent;true]} ( 38.Re2 Nd8 39.Re3 $2 {[%c_effect e3;square;e3;type;Mistake;persistent;true] White is not in time to capture the pawn:} 39...Nc6 $1 {[%c_effect c6;square;c6;type;GreatFind;persistent;true] winning, since the knight cannot be captured.} ) 38...Nd8 39.Ke1 {Anand defends well. The king protects the rook and the d4-knight is not pinned anymore.} 39...Nc6 40.Ne2 ( 40.Nxc6 $2 {[%c_effect c6;square;c6;type;Mistake;persistent;true]} 40...Rxd2 41.Kxd2 Bxc6 {The g2-pawn falls.} ) 40...Rxd2 41.Kxd2 Bxg2 42.Nxg3 Bf3 43.Ke3 Bd1 44.Kd2 Bg4 45.Ke3 Ke8 $1 {[%c_effect e8;square;e8;type;GreatFind;persistent;true] It turns out the draw is not so easy.} 46.Kd2 Ne7 47.Bxe7 $1 {[%c_effect e7;square;e7;type;GreatFind;persistent;true] The only way, otherwise the knight lands on d5.} 47...Kxe7 {This is a critical position of the game. The computer indicates a draw, but it took me a long time to understand it without turning the engine on. My conclusion is that a human can easily evaluate the position as losing for White, since the path to safety is very narrow.} 48.Kc1 $2 {[%c_effect c1;square;c1;type;Mistake;persistent;true] A losing move.} ( 48.Ne2 {It's necessary to go for a pawn endgame that looks losing to humans, but it's a draw for machines.} 48...Bxe2 ( 48...Bxh5 49.Nd4 Be8 50.Ke2 {White creates a fortress. Black's king cannot reach the queenside and the king will protect everything on g3.} ) 49.Kxe2 Kd7 50.Ke3 Kc7 $1 {[%c_effect c7;square;c7;type;GreatFind;persistent;true]} ( 50...Kc6 51.Kd4 ) 51.Kf3 Kc6 52.Ke2 $1 {[%c_effect e2;square;e2;type;GreatFind;persistent;true]} ( 52.Ke3 $2 {[%c_effect e3;square;e3;type;Mistake;persistent;true]} 52...Kc5 ) 52...Kc5 53.Ke3 b4 {I'd probably resign here as White, but the position is drawn.} 54.cxb4+ Kxb4 55.Kd4 c3 ( 55...Kxa5 $4 {[%c_effect a5;square;a5;type;Blunder;persistent;true] even loses:} 56.Kc5 Ka4 57.Kd6 ) 56.Kd3 Kxa5 57.Kxc3 Kb5 58.Kb3 Kc5 ( 58...a5 59.c4+ Kc5 60.Ka4 Kxc4 61.Kxa5 Kd5 62.Kb6 {transposes to the main line.} ) 59.Ka4 Kd4 60.Ka5 Ke4 61.c4 ( 61.Kxa6 $2 {[%c_effect a6;square;a6;type;Mistake;persistent;true]} 61...Kxf4 ) 61...Kd4 62.Kxa6 Kxc4 63.Kb6 Kd5 64.Kc7 Ke4 65.Kd6 Kxf4 66.Kxe6 Kg5 67.Kd5 f4 68.e6 f3 69.e7 f2 70.e8=Q f1=Q {with a draw.} ) 48...Kd7 {Now the king joins the party.} 49.Kb2 Kc6 50.Ka2 Kd5 51.Ka3 Kc5 52.Kb2 Bd1 53.Kc1 Bf3 54.Kb2 b4 $2 {[%c_effect b4;square;b4;type;Mistake;persistent;true] The most natural move in the world, but not the best. This allows White to escape.} ( 54...Bc6 $1 {[%c_effect c6;square;c6;type;GreatFind;persistent;true] It's necessary to transfer the bishop first. The winning idea is:} 55.Ne2 Be8 56.Ng3 b4 $1 {[%c_effect b4;square;b4;type;GreatFind;persistent;true]} 57.cxb4+ Kd4 $1 {[%c_effect d4;square;d4;type;GreatFind;persistent;true] The bishop controls the break b4-b5 and the king can safely march to the kingside.} ) 55.cxb4+ Kd4 ( 55...Kxb4 56.c3+ Kxa5 57.Ka2 {White has a fortress: he can keep waiting with Ka2-b2.} ) 56.c3+ Kd3 ( 56...Ke3 {This leads to study-like draw.} 57.Nxf5+ $1 {[%c_effect f5;square;f5;type;GreatFind;persistent;true] The only move $1} 57...exf5 58.b5 $1 {[%c_effect b5;square;b5;type;GreatFind;persistent;true]} 58...axb5 59.e6 Kd2 60.e7 Bc6 61.a6 b4 62.a7 bxc3+ 63.Ka2 c2 64.e8=Q {with a miracle escape for White.} 64...Bxe8 ( 64...c1=Q 65.Qxc6 ) 65.a8=Q c1=Q {White's king is in a stalemate position. White \"only\" needs to give the queen away.} 66.Qg2+ Ke3 ( 66...Kc3 67.Qg7+ $1 {[%c_effect g7;square;g7;type;GreatFind;persistent;true]} ) 67.Qf3+ Kd4 68.Qd5+ {with a draw.} ) 57.b5 axb5 58.a6 Kd2 59.a7 Bd5 ( 59...b4 60.Nf1+ Ke2 61.Ng3+ Kd2 62.Nf1+ {with perpetual check.} ) 60.Nxf5 $2 {[%c_effect f5;square;f5;type;Mistake;persistent;true] Unfortunately for Anand, the sacrifice doesn't work this time. To be fair, the complications are impossible to calculate.} ( 60.Nf1+ $1 {[%c_effect f1;square;f1;type;GreatFind;persistent;true] leads to a draw:} 60...Ke2 ( 60...Kd3 61.Ng3 ) 61.Ng3+ Kd2 62.Nf1+ ) 60...exf5 61.e6 b4 62.e7 bxc3+ 63.Ka2 c2 64.a8=Q Bxa8 65.e8=Q {There's only one winning move for Black in this position. What a game $1} 65...Be4 $2 {[%c_effect e4;square;e4;type;Mistake;persistent;true]} ( 65...c1=Q $2 {[%c_effect c1;square;c1;type;Mistake;persistent;true]} 66.Qe3+ {leads to stalemate.} ) ( 65...c1=N+ {is not convincing:} 66.Ka3 ) ( 65...c3 $3 {[%c_effect c3;square;c3;type;Brilliant;persistent;true] The right way $1 Black releases the b3-square so the king is not stalemated anymore. The checks soon will be over.} 66.Qd7+ ( 66.Qxa8 c1=Q {with a winning queen and pawn endgame.} ) ( 66.Qd8+ Ke1 67.Qh4+ Kd1 ) 66...Ke1 $1 {[%c_effect e1;square;e1;type;GreatFind;persistent;true]} 67.Qe7+ Be4 $1 {[%c_effect e4;square;e4;type;GreatFind;persistent;true]} 68.Qh4+ Kd1 $1 {[%c_effect d1;square;d1;type;GreatFind;persistent;true] The checks are over. Fantastic.} ) 66.Qd8+ Bd3 {White has only one drawing move now. I'm speechless.} 67.Qd4 $2 {[%c_effect d4;square;d4;type;Mistake;persistent;true]} ( 67.Qb6 $3 {[%c_effect b6;square;b6;type;Brilliant;persistent;true]} 67...c1=Q ( 67...c1=N+ 68.Ka3 c3 {Compared to the game, White is in time to capture the h6-pawn..} 69.Qxh6 $1 {[%c_effect h6;square;h6;type;GreatFind;persistent;true]} 69...c2 70.Qc6 Ne2 71.h6 c1=Q+ 72.Qxc1+ Kxc1 73.h7 Nxf4 74.h8=Q Ne2 {According to tablebase, this is a draw.} ) 68.Qf2+ Kc3 69.Qd4+ {with stalemate.} ) 67...c1=N+ $3 {[%c_effect c1;square;c1;type;Brilliant;persistent;true]} 68.Ka3 c3 {The queen is unable to stop the c-pawn.} 69.Qb6 Ne2 70.Qxh6 c2 ( 70...c2 71.Qc6 c1=Q+ 72.Qxc1+ Kxc1 73.h6 {Now the knight is in time:} 73...Nxf4 74.h7 Ng6 ) 0-1

[Event "Tech Mahindra Global Chess League 2023"]
[Site "Dubai, UAE"]
[Date "2023.06.22"]
[Round "1"]
[White "Anand, Viswanathan"]
[Black "Duda, Jan Krzysztof"]
[Result "1-0"]
[WhiteElo "2754"]
[BlackElo "2732"]
[EventDate "2023.??.??"]
[Annotator "rafael"]
[PlyCount "79"]
[Beauty "7700498617391"]
[EventType "game"]
[EventCountry "UAE"]

1.e4 e5 2.Nf3 Nc6 3.Bb5 Nf6 4.d3 Bc5 5.Bxc6 {This is one of the most popular ways of playing against the Berlin Defense if you don't want to play the famous endgame. It leads to positional play and lines that are not very forcing and require an understanding of the position rather than memorization.} 5...dxc6 6.O-O Nd7 7.Nbd2 O-O 8.Nc4 Re8 9.Kh1 $5 {[%c_effect h1;square;h1;type;Interesting;persistent;true] An interesting and subtle move that is useful for White's attacking plans on the kingside. It's easier now to play f2-f4, and in some extreme cases, White can even go for g2-g4. It has been played by some very strong grandmasters, including Caruana and the very own Anand.} ( 9.Bd2 ) ( 9.Be3 ) 9...f6 ( 9...a5 10.a4 b6 11.Be3 Bb4 12.Nfd2 {with a complicated struggle in Anand-Kramnik, Zurich Chess Challenge 2013.} ) 10.Nh4 Nf8 11.Ne3 ( 11.Be3 {is the most natural move, and it was played in Shevchenko-Mekhitarian, Chennai (Ol) 2022.} ) 11...Ng6 ( 11...g6 {is the computer suggestion, not afraid of weakening the kingside.} 12.g3 {White prepares for the f2-f4 plan and has a more comfortable position.} ) 12.Nhf5 Bxe3 {A new move.} ( 12...Ne7 {was played in Vlasak-Pulpan, CZE-chT 2021. Here White should have played the bold} 13.g4 $1 {[%c_effect g4;square;g4;type;GreatFind;persistent;true] with good attacking chances.} ) 13.Nxe3 {The best way to capture.} ( 13.Bxe3 $6 {[%c_effect e3;square;e3;type;Inaccuracy;persistent;true]} 13...Bxf5 14.exf5 Ne7 {with a good position for Black.} ) ( 13.fxe3 {it's always tempting to open a file to attack but Black is fine after} 13...Ne7 ( {Or even} 13...Nh8 $5 {[%c_effect h8;square;h8;type;Interesting;persistent;true] followed by Nf7.} ) ) 13...Be6 14.b3 {The opening is a success for Anand. He has a clear plan: Bishop to b2 and then preparing to open the kingside with f2-f4. His position is slightly better and as good as it can get against the Berlin.} 14...Qd4 $5 {[%c_effect d4;square;d4;type;Interesting;persistent;true]} 15.Rb1 Rad8 16.Bb2 Qd6 17.f3 {White is not in a hurry. Maybe it's more accurate to start with 17.g3 and try to play f2-f4 or h2-h4 faster.} ( 17.g3 ) 17...c5 18.g3 b5 $1 {[%c_effect b5;square;b5;type;GreatFind;persistent;true] Black also has a plan: to break on c4. The pawn structure usually dictates the plans for both sides.} 19.Qe2 {developing and eyeing the c4-square.} 19...Rd7 ( 19...c4 $5 {[%c_effect c4;square;c4;type;Interesting;persistent;true] It's possible to sacrifice the pawn immediately. The point is:} 20.dxc4 bxc4 21.Nxc4 ( 21.bxc4 {is more accurate.} ) 21...Qa6 $1 {[%c_effect a6;square;a6;type;GreatFind;persistent;true] with good counterplay since the knight is pinned and will be captured at the right moment.} ) 20.Rf2 ( 20.h4 {It makes sense to start advancing the kingside.} ) 20...Qc6 $1 {[%c_effect c6;square;c6;type;GreatFind;persistent;true] Supporting c5-c4.} 21.h4 ( 21.c4 {It must be said that avoiding c5-c4 by playing this move is a typical case of a medicine being worse than the disease. The d3-pawn will be a constant source of problems for White.} ) ( 21.f4 $2 {[%c_effect f4;square;f4;type;Mistake;persistent;true] is premature:} 21...exf4 22.gxf4 f5 $1 {[%c_effect f5;square;f5;type;GreatFind;persistent;true]} ) 21...c4 $1 {[%c_effect c4;square;c4;type;GreatFind;persistent;true]} ( 21...h6 $2 {[%c_effect h6;square;h6;type;Mistake;persistent;true] There's no time for this prophylactic move since after} 22.f4 $1 {[%c_effect f4;square;f4;type;GreatFind;persistent;true]} 22...exf4 23.gxf4 f5 $2 {[%c_effect f5;square;f5;type;Mistake;persistent;true] White has the winning} 24.Qh5 $1 {[%c_effect h5;square;h5;type;GreatFind;persistent;true] now that the knight is hanging on g6.} ) ( 21...Ne7 {This move comes into consideration, although it seems a bit slow. The idea is} 22.h5 h6 {Stopping the h-pawn. White can continue} 23.f4 {with the initiative in a complex position.} ) 22.dxc4 {Anand accepts the pawn.} ( 22.h5 $1 {[%c_effect h5;square;h5;type;GreatFind;persistent;true] is more promising.} 22...cxd3 23.cxd3 Nh8 $1 {[%c_effect h8;square;h8;type;GreatFind;persistent;true]} ( 23...Ne7 24.h6 $1 {[%c_effect h6;square;h6;type;GreatFind;persistent;true] with the initiative.} ) 24.h6 g6 {The knight goes to f7, but White still has a promising position after} 25.f4 ) 22...bxc4 23.bxc4 Qc5 {Duda prepares the route for the knight: Ne7-c6-d4. Pinning the bishop, however, is more to the point.} ( 23...Rb8 $1 {[%c_effect b8;square;b8;type;GreatFind;persistent;true]} 24.Rff1 Rb4 $1 {[%c_effect b4;square;b4;type;GreatFind;persistent;true] with a good position.} ) 24.Rff1 ( 24.Bc3 {is also possible. If Black chases the a-pawn, White gets a dangerous attack after} 24...Qa3 $2 {[%c_effect a3;square;a3;type;Mistake;persistent;true]} 25.Rb3 Qxa2 26.f4 $1 {[%c_effect f4;square;f4;type;GreatFind;persistent;true]} ) 24...Red8 ( 24...Ne7 {is a logical alternative.} 25.Bc3 Nc6 ) 25.Bc3 Qa3 ( 25...Ne7 {Now White has the option of exchanging the bishop for the knight with} 26.Bb4 Qc6 27.Bxe7 Rxe7 28.Rfd1 {with a small advantage.} ) 26.Rb3 Qa6 ( {Of course not} 26...Qxa2 $4 {[%c_effect a2;square;a2;type;Blunder;persistent;true]} 27.Ra1 ) 27.h5 {The pawn finally advances.} 27...Ne7 28.h6 Nc6 ( 28...Nc8 $5 {[%c_effect c8;square;c8;type;Interesting;persistent;true] is an alternative route suggested by the computer, with the idea of Nd6 or Nb6 and capturing the c4-pawn.} ) ( 28...g6 {leaves dark squares too weak. White can immediately exploit this with} 29.f4 exf4 30.Rxf4 ) 29.Re1 $6 {[%c_effect e1;square;e1;type;Inaccuracy;persistent;true] Both players had only a few minutes left on the clock in this tense position. Anand wants to protect the queen so the knight can go to d5 without fearing a possible capture.} ( 29.Rfb1 $1 {[%c_effect b1;square;b1;type;GreatFind;persistent;true] is the best move:} 29...Nd4 30.Bxd4 Rxd4 31.Rb8 {with an unpleasant pressure, despite the reduced material, for instance:} 31...Qxa2 32.f4 $1 {[%c_effect f4;square;f4;type;GreatFind;persistent;true] Black's king is not safe.} ) 29...Nd4 30.Bxd4 Rxd4 31.hxg7 Rd2 $6 {[%c_effect d2;square;d2;type;Inaccuracy;persistent;true]} ( 31...Bxc4 $1 {[%c_effect c4;square;c4;type;GreatFind;persistent;true] is better:} 32.Nxc4 ( 32.Qh2 {is too optimistic:} 32...Bxb3 33.axb3 Qa5 {Black wins.} ) 32...Qxc4 {with a likely draw.} ) 32.Qf1 Kxg7 33.g4 $5 {[%c_effect g4;square;g4;type;Interesting;persistent;true] It's not easy to defend Black's position with one minute on the clock. Duda starts making mistakes now.} 33...Qa5 $2 {[%c_effect a5;square;a5;type;Mistake;persistent;true]} ( 33...h5 $1 {[%c_effect h5;square;h5;type;GreatFind;persistent;true]} 34.gxh5 Kf7 $1 {[%c_effect f7;square;f7;type;GreatFind;persistent;true] with the idea of playing Rh8 next.} ( 34...Rh8 $2 {[%c_effect h8;square;h8;type;Mistake;persistent;true] loses to} 35.Qg1+ Kf8 36.Rb8+ ) ) 34.Qg1 {A nice move, bringing the queen to the attack.} 34...Kg6 $6 {[%c_effect g6;square;g6;type;Inaccuracy;persistent;true]} ( 34...h6 {is better.} ) 35.Qg3 $1 {[%c_effect g3;square;g3;type;GreatFind;persistent;true] The queen gets near the king. White has ideas connected with f4, g5, and also Qh4-h5.} 35...Qxa2 $2 {[%c_effect a2;square;a2;type;Mistake;persistent;true] Now it's over.} ( 35...h6 36.Qh4 {is a very difficult position for Black to handle. White's plan is to play Rg1 and then Nf5.} ) 36.g5 $1 {[%c_effect g5;square;g5;type;GreatFind;persistent;true] The king is defenseless. The queen is too far away.} 36...fxg5 37.Qxe5 Qa6 38.f4 $1 {[%c_effect f4;square;f4;type;GreatFind;persistent;true]} 38...gxf4 39.Nd5 ( 39.Nf5 {is also very good.} ) 39...Bxd5 40.Rg1+ {It's always a joy to watch Anand play. He's one of my favorite players of all time.} 1-0